|
|
|
|
| LEADER |
00000nam0a2200000 4500 |
| 001 |
327925 |
| 005 |
20231102004017.0 |
| 035 |
|
|
|a (RuTPU)RU\TPU\book\353612
|
| 090 |
|
|
|a 327925
|
| 100 |
|
|
|a 20170208d1967 k y0rusy50 ca
|
| 101 |
0 |
|
|a rus
|
| 102 |
|
|
|a RU
|
| 105 |
|
|
|a a z 001zy
|
| 200 |
1 |
|
|a Прогноз скорости осадок оснований сооружений (консолидация и ползучесть многофазных грунтов)
|f Н. А. Цытович [и др.]
|
| 210 |
|
|
|a Москва
|c Стройиздат
|d 1967
|
| 215 |
|
|
|a 240 с.
|c ил.
|
| 320 |
|
|
|a Библиогр.: с. 233-235
|
| 606 |
1 |
|
|a Грунты под фундаменты
|2 stltpush
|3 (RuTPU)RU\TPU\subj\8842
|9 36178
|
| 610 |
1 |
|
|a глинистые грунты
|
| 610 |
1 |
|
|a уплотненность
|
| 610 |
1 |
|
|a применение
|
| 610 |
1 |
|
|a консолидация
|
| 610 |
1 |
|
|a фильтрационные свойства
|
| 610 |
1 |
|
|a расчет
|
| 610 |
1 |
|
|a задачи
|
| 675 |
|
|
|a 624.151
|v 4
|
| 701 |
|
1 |
|a Цытович
|b Н. А.
|
| 701 |
|
1 |
|a Зарецкий
|b Ю. К.
|
| 701 |
|
1 |
|a Малышев
|b М. В.
|
| 701 |
|
1 |
|a Абелев
|b М. Ю.
|
| 701 |
|
1 |
|a Тер-Мартиросян
|b З. Г.
|
| 702 |
|
1 |
|a Цытович
|b Н. А.
|4 340
|
| 801 |
|
1 |
|a RU
|b 63413507
|c 20170208
|
| 801 |
|
2 |
|a RU
|b 63413507
|c 20171204
|g RCR
|
| 942 |
|
|
|c BK
|